Statistics for Famous Full Backs By Picture

Click here to take the quiz!

General Stats

  • This quiz has been taken 38 times
  • The average score is 15 of 20

Answer Stats

Answer% Correct
Marcelo
97%
Kyle Walker
94%
Roberto Carlos
91%
Cafu
85%
Trent Alexander-Arnold
85%
Achraf Hakimi
82%
Jordi Alba
82%
Patrice Evra
79%
Ashley Cole
76%
Philipp Lahm
76%
Alphonso Davies
74%
Andrew Robertson
74%
Gary Neville
74%
Joao Cancelo
74%
Dani Carvajal
71%
Javier Zanetti
71%
Reece James
71%
Theo Hernandez
71%
Lilian Thuram
62%
Gianluca Zambrotta
50%

Score Distribution

Percentile by Number Answered

Percent of People with Each Score

Your Score History

You have not taken this quiz